Countries that border Germany - Statistics

General Stats
  • This quiz has been taken 831 times
  • The average score is 9 of 9
Answer Stats
Rank Length Answer % Correct
#2 784 km Austria
99%
#4 456 km Poland
99%
#5 451 km France
98%
#6 334 km Switzerland
97%
#7 167 km Belgium
96%
#3 577 km Netherlands
96%
#9 68 km Denmark
94%
#1 815 km Czech Republic
93%
#8 138 km Luxembourg
89%
No matching quizzes found
Score Distribution
Percent of People with Each Score
Percentile by Number Answered
Your Score History
You have not taken this quiz